BIBLIOTECA PODER JUDICIAL
Portal Judicial TDF

La responsabilidad por daños causados por animales: otra vez sobre la "categoría" del daño estético y la búsqueda de la reparación plena / (Registro nro. 5667)

000 -LEADER
fixed length control field 02051nab a22002777a 4500
003 - CONTROL NUMBER IDENTIFIER
control field OSt
005 - DATE AND TIME OF LATEST TRANSACTION
control field 20251226215225.0
008 - FIXED-LENGTH DATA ELEMENTS--GENERAL INFORMATION
fixed length control field 190603e xxum|||| |||| 00| 0 spa d
040 ## - CATALOGING SOURCE
Transcribing agency PJ
100 ## - MAIN ENTRY--PERSONAL NAME
9 (RLIN) 6387
Personal name Leiva, Claudio Fabricio
245 13 - TITLE STATEMENT
Title La responsabilidad por daños causados por animales: otra vez sobre la "categoría" del daño estético y la búsqueda de la reparación plena /
Statement of responsibility, etc Claudio Fabricio Leiva.
260 ## - PUBLICATION, DISTRIBUTION, ETC. (IMPRINT)
Date of publication, distribution, etc Ciudad Autónoma de Buenos Aires :
Place of publication, distribution, etc Thomson Reuters La Ley,
Name of publisher, distributor, etc 2025.
300 ## - PHYSICAL DESCRIPTION
Extent p. 228-239
500 ## - GENERAL NOTE
General note Cita: TR LALEY AR/DOC/1057/2025 <br/>Publicado en: RCCyC 2025 (junio).
505 ## - FORMATTED CONTENTS NOTE
Formatted contents note Sumario: I. Objetivos del presente comentario.— II. Plataforma fáctica del caso: hechos invocados en la demanda y en la contestación. Los hechos controvertidos de acuerdo con las posiciones asumidas por las partes.— III. La sentencia de primera instancia y los agravios vertidos por las partes en sus respectivos recursos de apelación. La decisión de la Cámara y sus argumentos centrales.— IV. Algunos aspectos relevantes de la responsabilidad por daños causados por animales en el régimen del Cód. Civ. y Com.— V. El daño resarcible y la clasificación de los daños.— VI. La consecuencia dañosa como objeto de reparación: categorías de daños. El daño estético: carácter patrimonial o no patrimonial de la consecuencia lesiva.— VII. Conclusiones.
505 ## - FORMATTED CONTENTS NOTE
Formatted contents note Fallo comentado: CNCiv., sala D ~ 18/09/2024 ~ Demiddi, Rocío c. Argento, Sergio Hugo s/ daños y perjuicios.
505 ## - FORMATTED CONTENTS NOTE
Title ¿Te interesa el texto completo? Solicitalo al correo: koha@justierradelfuego.gov.ar
650 #0 - SUBJECT ADDED ENTRY--TOPICAL TERM
9 (RLIN) 1497
Topical term or geographic name as entry element CODIGO CIVIL Y COMERCIAL
650 #0 - SUBJECT ADDED ENTRY--TOPICAL TERM
9 (RLIN) 1467
Topical term or geographic name as entry element RESPONSABILIDAD CIVIL
650 #0 - SUBJECT ADDED ENTRY--TOPICAL TERM
9 (RLIN) 2823
Topical term or geographic name as entry element DAÑOS Y PERJUICIOS
650 #0 - SUBJECT ADDED ENTRY--TOPICAL TERM
9 (RLIN) 3332
Topical term or geographic name as entry element DAÑO RESARCIBLE
650 #0 - SUBJECT ADDED ENTRY--TOPICAL TERM
9 (RLIN) 3452
Topical term or geographic name as entry element DAÑO CAUSADO POR ANIMALES
650 #0 - SUBJECT ADDED ENTRY--TOPICAL TERM
9 (RLIN) 3565
Topical term or geographic name as entry element DAÑO ESTÉTICO
773 0# - HOST ITEM ENTRY
Host Biblionumber 2713
Host Itemnumber 3170
Place, publisher, and date of publication Ciudad Autónoma de Buenos Aires : Thomson Reuters La Ley, 2015-
Title Revista Código Civil y Comercial. Nº 3 - Junio 2025
942 ## - ADDED ENTRY ELEMENTS (KOHA)
Source of classification or shelving scheme
Koha item type Analítica Artículo de Revista

No hay ítems disponibles.

12 de Octubre 789 Ushuaia - Tel:  54(02901)441571
Horario de Atención: 8.00 a 17.00 hs. 
bibliotecaush@justierradelfuego.gov.ar
koha@justierradelfuego.gov.ar
Seguinos en nuestras redes @bibliojustdf 

Con tecnología Koha